[Event "Caioba Copel op 5th"]
[Site "Caioba"]
[Date "2019.08.16"]
[Round "2"]
[White "Boutin Neto, Mauro Albano"]
[Black "Do Nascimento, Joao Augusto"]
[Result "1-0"]
[WhiteElo "1508"]
[BlackElo "1137"]
[PlyCount "55"]
[EventDate "2019.08.15"]
[EventType "swiss"]
[EventRounds "6"]
[EventCountry "BRA"]
[SourceTitle "EXT 2020"]
[Source "ChessBase"]
[SourceDate "2019.10.17"]
[SourceVersion "1"]
[SourceVersionDate "2019.10.17"]
[SourceQuality "1"]

1. d4 Nf6 2. Nf3 g6 3. Bf4 Bg7 4. e3 0-0 5. h3 d5 6. c4 dxc4 7. Bxc4 c5 8. Nc3 cxd4 9. Nxd4 Nbd7 10. Bh2 a6 11. Qc2 b5 12. Bb3 Bb7 13. 0-0 Rc8 14. Qd2 Nc5 15. Bc2 Nce4 16. Bxe4 Nxe4 17. Nxe4 Bxe4 18. Rfd1 e5 19. Nb3 Qg5 20. Bg3 h5 21. h4 Qg4 22. Qe1 Qe6 23. Rdc1 Bc2 24. Qb4 Rc4 25. Qd2 Rfc8 26. Na5 R4c7 27. e4 Bxe4 28. Rxc7 1-0

[Event "BRA-ch U12"]
[Site "Florianopolis"]
[Date "2019.04.19"]
[Round "2"]
[White "Boutin Neto, Mauro Albano"]
[Black "De Siqueira, Luigy Lira"]
[Result "1/2-1/2"]
[WhiteElo "1431"]
[BlackElo "1767"]
[PlyCount "100"]
[EventDate "2019.04.18"]
[EventType "swiss"]
[EventRounds "6"]
[EventCountry "BRA"]
[SourceTitle "CBM 190 Extra"]
[Source "ChessBase"]
[SourceDate "2019.07.15"]
[SourceVersion "1"]
[SourceVersionDate "2019.07.15"]
[SourceQuality "1"]

1. d4 Nf6 2. Nf3 e6 3. Bf4 c5 4. e3 cxd4 5. exd4 d5 6. c3 Nc6 7. Nbd2 Bd6 8. Bg3 0-0 9. Bd3 Re8 10. Ne5 Qc7 11. f4 Nd7 12. Bxh7+ Kf8 13. Bd3 a6 14. Qh5 Nf6 15. Qh8+ Ng8 16. Bh7 Nce7 17. Bxg8 Nxg8 18. Qh5 Nf6 19. Qe2 Bd7 20. 0-0 Bb5 21. c4 dxc4 22. a4 c3 23. axb5 cxd2 24. Qxd2 axb5 25. Qc3 Rxa1 26. Rxa1 Qb6 27. Bf2 Ke7 28. d5 Qxf2+ 29. Kxf2 Ne4+ 30. Ke3 Nxc3 31. bxc3 exd5 32. Kd4 Ke6 33. Re1 Bc7 34. Nd3+ Kd7 35. Nc5+ Kd8 36. Nxb7+ Kd7 37. Nc5+ Kd8 38. Rxe8+ Kxe8 39. g3 Ba5 40. Nb7 Bb6+ 41. Kxd5 Kd7 42. Nc5+ Ke7 43. Kc6 Ba5 44. Ne4 b4 45. cxb4 Bxb4 46. Kd5 Ba3 47. Ke5 g6 48. h4 f6+ 49. Kd4 Bb4 50. Kd3 Ke6 1/2-1/2

[Event "Sao Paulo Carnaval op"]
[Site "Sao Paulo"]
[Date "2019.03.02"]
[Round "2"]
[White "Vieira, Alexandre Letizio"]
[Black "Boutin Neto, Mauro Albano"]
[Result "1-0"]
[WhiteElo "1762"]
[BlackElo "1426"]
[PlyCount "96"]
[EventDate "2019.03.02"]
[EventType "swiss"]
[EventRounds "7"]
[EventCountry "BRA"]
[SourceTitle "EXT 2020"]
[Source "ChessBase"]
[SourceDate "2019.10.17"]
[SourceVersion "1"]
[SourceVersionDate "2019.10.17"]
[SourceQuality "1"]

1. d4 d5 2. Bf4 c6 3. c3 Nf6 4. Nd2 Bf5 5. Ngf3 e6 6. e3 Nbd7 7. Be2 Be7 8. 0-0 0-0 9. Re1 c5 10. a3 Qb6 11. Qb3 c4 12. Qxb6 axb6 13. Ne5 b5 14. g4 Bg6 15. Nxg6 hxg6 16. h3 Nb6 17. f3 Na4 18. Rab1 Ra6 19. e4 Rfa8 20. Bf1 R6a7 21. Bg2 Bxa3 22. bxa3 Nxc3 23. Rbc1 Rxa3 24. Nb1 Nxb1 25. Rxb1 c3 26. Rxb5 Ra1 27. Rbb1 Rxb1 28. Rxb1 c2 29. Rc1 Ra2 30. Kf1 b5 31. Bd6 Rb2 32. Ke1 b4 33. Kd2 b3 34. g5 Nd7 35. Bc5 Nb8 36. Kc3 Rb1 37. Ba3 Na6 38. Bf1 Nc7 39. Bb2 Kf8 40. Kxb3 Ke7 41. Kxc2 Rxc1+ 42. Bxc1 dxe4 43. fxe4 Kd6 44. Ba3+ Kd7 45. Be2 Ne8 46. Bb5+ Kd8 47. Bxe8 Kxe8 48. Bb2 Ke7 1-0

[Event "BRA-ch Amateur U1600"]
[Site "Sao Paulo"]
[Date "2018.05.31"]
[Round "2"]
[White "Ribeiro, Glauber"]
[Black "Boutin Neto, Mauro Albano"]
[Result "1-0"]
[WhiteElo "1581"]
[BlackElo "1385"]
[PlyCount "89"]
[EventDate "2018.05.31"]
[EventType "swiss"]
[EventRounds "7"]
[EventCountry "BRA"]
[SourceTitle "EXT 2021"]
[Source "ChessBase"]
[SourceDate "2020.10.23"]
[SourceVersion "1"]
[SourceVersionDate "2020.10.23"]
[SourceQuality "1"]

1. e4 e6 2. d3 d5 3. c3 dxe4 4. dxe4 Qxd1+ 5. Kxd1 e5 6. Be3 Be6 7. Nd2 Nf6 8. f3 Nbd7 9. a4 Be7 10. Kc2 0-0-0 11. Bc4 Bxc4 12. Nxc4 Kb8 13. Ne2 Rhe8 14. Rhd1 Rc8 15. Nc1 Bc5 16. Bxc5 Nxc5 17. Nd6 Red8 18. Nxc8 Kxc8 19. Rxd8+ Kxd8 20. Nd3 Ncd7 21. Rd1 Ke7 22. b4 Nb6 23. Nc5 Nc4 24. Kb3 Nb6 25. Nxb7 Nbd7 26. Na5 Nb8 27. c4 Nfd7 28. c5 c6 29. Rd6 Kd8 30. Nxc6+ Nxc6 31. Rxc6 a5 32. b5 Ke7 33. Rc7 Ke6 34. Rxd7 Kxd7 35. Kc4 f6 36. Kd5 Kc7 37. b6+ Kd7 38. c6+ Ke7 39. b7 Kf7 40. b8Q Kg6 41. h4 h5 42. c7 Kh6 43. c8Q Kh7 44. Qh8+ Kg6 45. Qbe8# 1-0

[Event "Sao Paulo op-C U1700 7th"]
[Site "Sao Paulo"]
[Date "2018.03.31"]
[Round "4"]
[White "Boutin Neto, Mauro Albano"]
[Black "Parreira, Jose Rodrigo"]
[Result "1-0"]
[WhiteElo "1373"]
[BlackElo "1109"]
[PlyCount "81"]
[EventDate "2018.03.30"]
[EventType "swiss"]
[EventRounds "6"]
[EventCountry "BRA"]
[SourceTitle "EXT 2021"]
[Source "ChessBase"]
[SourceDate "2020.10.23"]
[SourceVersion "1"]
[SourceVersionDate "2020.10.23"]
[SourceQuality "1"]

1. d4 f5 2. Bf4 g6 3. Nf3 d6 4. e3 Bg7 5. Be2 Nf6 6. 0-0 0-0 7. c4 Nh5 8. Bg3 Nxg3 9. hxg3 Re8 10. Nc3 c6 11. Qb3 Kh8 12. Rad1 Qc7 13. c5 d5 14. Rc1 Nd7 15. Qc2 e5 16. Qd2 e4 17. Ng5 Nf6 18. Nh3 h6 19. Nf4 Qf7 20. Qc2 h5 21. Nh3 Bh6 22. Nf4 Bxf4 23. gxf4 Qh7 24. g3 Kg7 25. Kg2 Rh8 26. Rh1 Qg8 27. b4 Kf7 28. b5 g5 29. fxg5 Qxg5 30. Rh4 Rg8 31. Rch1 Rh8 32. Qa4 Bd7 33. bxc6 Bxc6 34. Qd1 Ng4 35. Bxg4 fxg4 36. Ne2 Rh6 37. Nf4 Rah8 38. R1h2 Kf6 39. Qe1 b6 40. cxb6 axb6 41. Qb4 1-0

[Event "Sao Paulo op-C U1700 7th"]
[Site "Sao Paulo"]
[Date "2018.03.30"]
[Round "1"]
[White "Boutin Neto, Mauro Albano"]
[Black "Gomes, Carlos"]
[Result "0-1"]
[WhiteElo "1373"]
[BlackElo "1665"]
[PlyCount "148"]
[EventDate "2018.03.30"]
[EventType "swiss"]
[EventRounds "6"]
[EventCountry "BRA"]
[SourceTitle "EXT 2021"]
[Source "ChessBase"]
[SourceDate "2020.10.23"]
[SourceVersion "1"]
[SourceVersionDate "2020.10.23"]
[SourceQuality "1"]

1. d4 Nf6 2. Nf3 d5 3. Bf4 e6 4. e3 c5 5. c3 Nc6 6. Bd3 Bd6 7. Ne5 Bxe5 8. dxe5 Nd7 9. Qh5 g6 10. Qd1 c4 11. Be2 Ndxe5 12. Nd2 Qf6 13. Nf3 Nxf3+ 14. Bxf3 e5 15. Bg3 h5 16. h4 e4 17. Be2 Be6 18. Bf4 Ne5 19. Qd4 Nd3+ 20. Bxd3 Qxd4 21. exd4 cxd3 22. Kd2 Kd7 23. Be5 Rhc8 24. Rhf1 Ke7 25. f3 f6 26. Bh2 Bf5 27. Bg3 Rc6 28. a4 a5 29. Bh2 Raa6 30. Ra2 Rab6 31. Re1 Rb3 32. Rb1 Rcxc3 33. bxc3 Rxb1 34. Bf4 Kd7 35. Bh2 Kc6 36. Bf4 Rg1 37. Ke3 Rc1 38. Kd2 Rc2+ 39. Rxc2 dxc2 40. Kxc2 exf3+ 41. Kd2 fxg2 42. Bh2 b5 43. axb5+ Kxb5 44. Kc1 Kc4 45. Kb2 Bd7 46. Kc2 Bf5+ 47. Kb2 Bd3 48. Bg1 Kb5 49. Ka3 Bc2 50. Bf2 Kc4 51. Kb2 Ba4 52. Bg1 Bb5 53. Ka3 Kxc3 54. Ka2 Kd2 55. Kb3 Ke2 56. Kc3 Kf1 57. Bh2 g1Q 58. Bxg1 Kxg1 59. Kd2 Kf2 60. Kc3 Ke3 61. Kc2 Kxd4 62. Kd2 a4 63. Kc2 Ke3 64. Kc3 d4+ 65. Kc2 Ke2 66. Kc1 d3 67. Kb2 d2 68. Kc3 d1Q 69. Kb2 Qd3 70. Kc1 Ke3 71. Kb2 Qc4 72. Ka1 Qb4 73. Ka2 Bd3 74. Ka1 Qb1# 0-1

[Event "Sao Paulo op-C U1700 7th"]
[Site "Sao Paulo"]
[Date "2018.03.30"]
[Round "2"]
[White "Fujita, Gabriela Akemi"]
[Black "Boutin Neto, Mauro Albano"]
[Result "0-1"]
[WhiteElo "1211"]
[BlackElo "1373"]
[PlyCount "132"]
[EventDate "2018.03.30"]
[EventType "swiss"]
[EventRounds "6"]
[EventCountry "BRA"]
[SourceTitle "EXT 2021"]
[Source "ChessBase"]
[SourceDate "2020.10.23"]
[SourceVersion "1"]
[SourceVersionDate "2020.10.23"]
[SourceQuality "1"]

1. e4 c6 2. d4 d5 3. exd5 cxd5 4. Nc3 Bf5 5. Bf4 Nc6 6. Nf3 Nf6 7. g3 e6 8. Bg2 Be7 9. 0-0 0-0 10. Re1 Rc8 11. Nh4 Bg6 12. Nxg6 hxg6 13. a3 Qb6 14. Rb1 Nxd4 15. Be3 e5 16. Bxd4 exd4 17. Nxd5 Nxd5 18. Bxd5 Bf6 19. Qd2 Qc5 20. Bxb7 Qxc2 21. Qxc2 Rxc2 22. Be4 Rcc8 23. Red1 Rfe8 24. Bd3 Rb8 25. b4 Rbc8 26. Bb5 Red8 27. a4 Rc3 28. Rb2 Rdc8 29. a5 Rc1 30. Rxc1 Rxc1+ 31. Kg2 Rd1 32. Ba4 Rc1 33. Rc2 Rxc2 34. Bxc2 Kf8 35. b5 Be5 36. Kf3 Ke7 37. Ke4 Bc7 38. Kxd4 Bxa5 39. Kc5 Bb6+ 40. Kd5 Bxf2 41. Ke4 Bb6 42. Kf4 Kf6 43. h4 Ke6 44. Bb3+ Kf6 45. Ke4 Ke7 46. Ke5 Bc7+ 47. Kd5 Bxg3 48. Kc6 Bf2 49. Kc7 Bxh4 50. Kb7 Bf2 51. Kc7 Bb6+ 52. Kc8 g5 53. Bd1 Kf6 54. Kd7 Ke5 55. Ke7 f5 56. Kf7 f4 57. Kg6 Ke4 58. Kxg5 f3 59. Bxf3+ Kxf3 60. Kg6 Ke4 61. Kf7 g5 62. Kf6 g4 63. Ke6 g3 64. Kd6 g2 65. Kc6 g1Q 66. Kb7 Qc5 0-1